01358nam a2200265 a 450000100100000000500170001000800410002704000250006808200200009310000310011324501010014426000340024530000200027959000750029959000260037465000280040065000310042870000460045971000850050591000370059095201910062795201240081895201330094299900170107500001099020250502073819.0091013s1993 dr 000 p spa d aDO-SdBNPbspacBNPHU aRD861.44bV337d1 aVassallo, Margarita92620110aDos pasos detrás de la memoria /cMargarita Vassallo ; introducción Rafael Valera Benítez. aSanto Domingo :bONAP,c1993. a76 p. ;c21 cm. aPerteneció a la biblioteca personal de Juan Isidro Jimenes Grullón aInventariado, 2019/LP 0aPoesía dominicana966 0aLiteratura dominicana.96712aValera Benítez, Rafael,eintrod.9243181 aRepública Dominicana.bOficina Nacional de Administración y Personal 926398 aValidado. Control de calidad MFF 0010718PDaPDbPDcHDd2009-10-13iLF1l0oRD861.44 V337dp10990-10r2020-06-25w2020-06-25yLFPDzPerteneció a la biblioteca personal de Juan Isidro Jimenes Grullón.ZNo se presta 0010718PDaPDbPDcHDd2009-10-13iLF1l0oRD861.44 V337dp10990-20r2020-06-25te. 2w2020-06-25yLFPDZNo se presta 001054708DSaPDbPDcHDd2013-07-24iLF1l0oRD861.44 V337dp10990-30r2020-06-25te. 3w2020-06-25yLFDSZPréstamo en sala c10728d10728